| 000 | 01260cam a22003135a 4500 | ||
|---|---|---|---|
| 001 | 18155997 | ||
| 005 | 20151021144105.0 | ||
| 008 | 140519s2015 enk frb 001 0 eng d | ||
| 020 | _a9780415536271 (hbk) | ||
| 020 | _a9780415536288 (pbk) | ||
| 020 | _z9780203111741 (ebk) | ||
| 040 |
_aDLC _beng _cDLC _dDLC _dEG-ScBUE |
||
| 050 | 0 | 0 |
_aPN4815.2 _bP47 2014 |
| 082 | 0 | 4 |
_a070.9051 _222 _bPHI |
| 100 | 1 |
_aPhillips, Angela. _938538 |
|
| 245 | 1 | 0 |
_aJournalism in context : _bpractice and theory for the digital age / _cAngela Phillips. |
| 260 |
_aOxon ; _aNew York : _bRoutledge / Taylor & Francis Group, _c2015. |
||
| 300 |
_aviii, 174 p. ; _c24 cm. |
||
| 490 | 0 | _aCommunication and society. | |
| 500 | _aIndex : p. 166-174. | ||
| 504 | _aBibliography : p. 146-165. | ||
| 505 | 0 | _aIntroduction -- News defined -- News interrupted: ownership and control -- Journalists and their sources -- The making of journalists -- Audiences, networks, interactions -- The business of journalism in the digital age -- Ethics in practice. | |
| 650 | 7 |
_aOnline journalism. _2BUEsh _937766 |
|
| 650 | 0 |
_aJournalism _2BUEsh _937800 |
|
| 650 | 0 |
_aJournalism _2BUEsh _xTechnological innovations |
|
| 651 | _2BUEsh | ||
| 653 |
_bCOMAME _cJune2015 _cOctober2015 |
||
| 942 | _2ddc | ||
| 999 |
_c19874 _d19846 |
||